| 000 | 00950nam a22002177a 4500 | ||
|---|---|---|---|
| 003 | 0 | ||
| 005 | 20250220113256.0 | ||
| 008 | 250220b xxu||||| |||| 00| 0 eng d | ||
| 050 |
_aHF 5686 _b.P35 2023 |
||
| 100 | _aPal-et, Carla Ysabelle A. | ||
| 245 |
_aThe effectiveness of internal inventory control activities in reducing fraud risks of selected small enterprises in Las Pinas City _cCarla Ysabelle A. Pal-et |
||
| 260 |
_aLas Pinas City _bSouthville International School and Colleges _cc2023 |
||
| 300 |
_aix, 109 pages ; _c28cm. |
||
| 500 | _aBachelor of Science in Accountancy. | ||
| 504 | _aIncludes bibliographical references and appendices. | ||
| 650 | _aInventory control – Fraud prevention – Philippines. | ||
| 650 | _aInternal control – Small enterprises – Philippines. | ||
| 650 | _aFraud risk management – Business enterprises. | ||
| 650 | _aSmall business accounting – Internal control. | ||
| 942 |
_2lcc _cTH |
||
| 999 |
_c367263 _d367263 |
||